000 02517cgm a2200577Ia 4500
003 data
005 20260322212033.0
007 data
008 data
020 _a1424808790
020 _a9781424808793
024 1 _a027616143112
028 4 0 _a14311
040 _aLVL
_cLVL
_dMZN
_dOCLCQ
_dMZN
041 1 _aspa
_afre
_aspa
_bspa
_bfre
_bspa
050 4 _aPN1997
_b.G89 2000
090 _aDVD 625
245 1 0 _aGuys and dolls
_h[videorecording] /
_cJoseph L. Mankiewicz ... [et al.].
250 _aDeluxe ed.
260 _aCulver City, CA :
_bDistributed by Sony Pictures Home Entertainment Inc.,
_c2006, 1955.
300 _a1 videodisc (149 min.) :
_bsd., col. ;
_c4 3/4 in.
500 _aBased on the play: Guys and dolls / book by Jo Swerling and Abe Burrows, from a Damon Runyon story.
500 _aA videodisc release of the motion picture originally produced in 1955.
500 _aSpecial features: Guys and Dolls: from stage to screen documentary; Guys and Dolls: The Goldwyn Touch documentary and more!
508 _aCredits: Photographer, Harry Stradling ; film editor, Daniel Mandell ; music and lyrics by Frank Loesser ; choreography, Michael Kidd.
511 1 _aMarlon Brando, Jean Simmons, Frank Sinatra, Vivian Blaine, Robert Keith, Stubby Kaye.
520 _aMusical comedy about the romancing of a beautiful Salvation Army missionary on a bet by a New York gentleman gambler. What initally begins as a bet, however, turns into true love.
538 _aDVD; Dolby digital; 2.55:1 anamorphic widescreen.
546 _aLanguage is English, French or Spanish with English, French or Spanish subtitles. Closed-captioned for the hearing impaired.
610 2 0 _aSalvation Army
_vDrama.
650 0 _aFilms for the hearing impaired.
650 0 _aMissionaries
_vDrama.
650 0 _aGamblers
_vDrama.
655 0 _aFeature films.
655 0 _aMusicals.
655 0 _aComedy films.
700 1 _aMankiewicz, Joseph L.
700 1 _aLoesser, Frank,
_d1910-1969.
700 1 _aKidd, Michael,
_d1919-
700 1 _aSinatra, Frank,
_d1915-1998.
700 1 _aBrando, Marlon.
700 1 _aSimmons, Jean,
_d1929-
700 1 _aBlaine, Vivian,
_d1921-1995.
700 1 _aGoldwyn, Samuel,
_d1882-1974.
700 1 _aRunyon, Damon,
_d1880-1946.
_tGuys and dolls.
700 1 _aSwerling, Jo,
_d1897-1964.
_tGuys and dolls.
710 2 _aMetro-Goldwyn-Mayer.
710 2 _aSamuel Goldwyn Home Entertainment (Firm)
710 2 _aSony Pictures Home Entertainment (Firm)
001 data
999 _c761
_d761